00202nam a22000857a 4500082000800000100002500008245004900033260002600082300000800108 aQRI aQriental Book social aPractical dictionary english to english urdu aLahorebOriental Book a673